| 000 | 00396nam a22001457a 4500 | ||
|---|---|---|---|
| 999 |
_c1442 _d1442 |
||
| 008 | 200124b ||||| |||| 00| 0 eng d | ||
| 041 | 0 | _aeng | |
| 082 | 0 | 0 |
_a530 _bP8821 |
| 100 |
_91058 _aPowell, L. S. |
||
| 245 | 1 | 0 |
_aElementary physics for technical students / _cby L S Powell |
| 260 |
_aLondon : _bSir Isaac Pitman & Sons ltd, _c1950. |
||
| 300 | _aviii,216p. | ||
| 650 | 0 | _aPhysics | |
| 942 | _cBK | ||